Normal view
MARC view
- CUSTOMER DATA INTEGRATION FOR A GLOBAL ENTERPRISE.MASTER DATA MANAGEMENT FOR A GLOBAL ENTERPRISE
Entry Topical Term
001 - CONTROL NUMBER
- control field: 66164
003 - CONTROL NUMBER IDENTIFIER
- control field: NUST
005 - DATE AND TIME OF LATEST TRANSACTION
- control field: 20210628203538.0
008 - FIXED-LENGTH DATA ELEMENTS
- fixed length control field: 210628|| aca||aabn | a|a d
040 ## - CATALOGING SOURCE
- Original cataloging agency: NUST
- Transcribing agency: NUST
150 ## - HEADING--TOPICAL TERM
- Topical term or geographic name entry element: CUSTOMER DATA INTEGRATION FOR A GLOBAL ENTERPRISE.MASTER DATA MANAGEMENT FOR A GLOBAL ENTERPRISE
670 ## - SOURCE DATA FOUND
- Source citation: Work cat.: (NUST): Berson, Alex, Dubov, Larry 66163, Master data management customer data integration for a global enterprise, 2007
